000 00812nam a2200229 4500
003 OSt
005 20240731081058.0
006 a
008 240731b |||||||| |||| 00| 0 eng d
020 _a9780764193170
040 _aDWCL-Main lib.
_cOC
082 _2Sixth edition
_aCirc. 428 S532b 2007
100 _aSharpe, Pamela J.
245 _aBarron’s practice exercises for the TOEFL (Test of English as a foreign language) /
250 _aSixth edition
260 _aN.Y. :
_bBarron’s Educational Series,
_cc2007.
300 _avi,
_b559 p. ;
_c28 cm.
650 _a1. Test of English as a foreign language-Study guides.
650 _a2. English language-Textbooks for foreign speakers.
650 _a3. English language-Examinations-Study guides.
942 _2ddc
_n0
_cBK-CIRC
_eSixth edition
_kCirc.
999 _c3058
_d3058